000 00574nam a2200253Ia 4500
005 20260306154433.0
008 008 260114s9999 xx 000 0 eng d
020 _a9781009024273
037 _aEBOOK
040 _aCRL
040 _beng
040 _cCRL
041 _2eng
041 _aeng
084 _qCRL
100 _aKraus
245 0 _aKant's Ideas of Reason
260 _bCambridge University Press
260 _c2025
650 _a Philosophy
856 _uhttps://doi.org/10.1017/9781009024273
942 _cEBOOK
999 _c1707508
_d1707508